1189 1829 1638 1538 1318 1673 1956 1022 1809 1363 1534 1299 1401 1991 1076 1636 1381 1108 1160 1075 1603 1418 1057 1527 1519 1918 1436 1511 1328 1441 1715 1671 1542 1115 1425 1181 1939 1587 1040 1863 1003 1613 1999 1276 1626 1731 1796 1436 1180 1039 1743 1634 1820 1678 1335 1420 1320 1779 1157 1645 1774 1123 1777 1907 1112 1562 1167 1537 1418 1848 1755 1093 1301 1394 1929 1242 1414 1271 1926 1147 1124 1893 1907 1278 1644 1078 1394 1474 1043 1154 1907 1674 1763 1511 1122 1727 1368 1537 1049 BCNSPRNW ULIB Ver.6.0+V

เปลี่ยนเป็นภาษาไทย

Change to English
 แสดงรายละเอียดบรรณานุกรม
  กลับหน้าหลัก

Brief Record : Get Marc (ISO 2709) : E-mail record : QR code < ปิดหน้าต่าง
LEADER : 00000nam 2200000uu 4500
001    13399113167
003     ULIB
008    110930s2550||||th 000 0 tha d
020    9789748026718
050 04 QA76.9^bส642ก 2550
100 0  สาธิต ชัยวิวัฒน์ตระกูล
245 10 เก่ง PHP 5 ให้ครบสูตร /^cสาธิต ชัยวิวัฒน์ตระกูล
250    พิมพ์ครั้งที่ 1
260    กรุงเทพฯ :^bวิตตี้กรุ๊ป,^c2550
300    360 หน้า :^bภาพประกอบ +^eซีดี-รอม 1 แผ่น
650  7 พีเอชพี (ภาษาคอมพิวเตอร์)
650  7 ภาษาคอมพิวเตอร์
650  7 เว็บไซต์
945    ^p295^l0^i029187
995    ทศพร
999 ^a ทศพร
รายการนี้ยังไม่มีแท็ก
คุณยังไม่ได้ล็อกอิน คุณสามารถมีกิจกรรมร่วมกับเว็บไซต์ได้ แต่ต้องล็อกอินก่อน ::
  ล็อกอิน

รายการสื่อสารสนเทศ

ลำดับที่ ประเภท เลขเรียก/บาร์โค้ด สถานที่ สถานะ
- ไม่พบข้อมูล -

รายการใกล้เคียง
    ผู้แต่ง [สาธิต ชัยวิวัฒน์ตระกูล]

    หัวเรื่อง [พีเอชพี (ภาษาคอมพิวเตอร์)]
    หัวเรื่อง [ภาษาคอมพิวเตอร์]
    หัวเรื่อง [เว็บไซต์]

BibComment


ยังไม่เคยถูกคอมเมนท์

คอมเมนท์ทรัพยากรรายการนี้
  คอมเมนท์: เก่ง PHP 5 ให้ครบ..


 Copyright 2026. Bcnsprnw @Library